| 000 | 00374nam a2200133Ia 4500 | ||
|---|---|---|---|
| 008 | 191111s9999 xx 000 0 und d | ||
| 020 | _a9780749475611 | ||
| 100 | _aAdair, John. | ||
| 245 |
_cJohn Adair.-- _aDecision making and problem solving / |
||
| 260 |
_aLondon : _bKogan Page _c2016 |
||
| 300 | _avi,87 pages. | ||
| 650 | _aDecision making | ||
| 650 | _aProblem solving | ||
| 999 |
_c362694 _d362694 |
||